书目信息 |
| 题名: |
美国文学史及选读
|
|
| 作者: | 吴伟仁 编著 | |
| 分册: | 第一册 | |
| 出版信息: | 北京 外语教学与研究出版社 1990.06 |
|
| 页数: | 286 | |
| 开本: | 24cm | |
| 丛书名: | ||
| 单 册: | ||
| 中图分类: | G268 | |
| 科图分类: | ||
| 主题词: | 博物馆学 , 博物馆事业 | |
| 电子资源: | ||
| ISBN: | 978-7-5600-0570-6 | |
| 000 | 00609nam0 2200193 450 | |
| 001 | 202410302494744324 | |
| 005 | 20241030163145.91 | |
| 010 | @a978-7-5600-0570-6@d¥9.80 | |
| 100 | @a20241030d km y0chiy0120 ea | |
| 101 | 0 | @achi |
| 200 | 1 | @a美国文学史及选读@AMei Guo Wen Xue Shi Ji Xuan Du@h第一册@f吴伟仁编著@FWu Wei Ren Bian Zhu |
| 210 | @a北京@c外语教学与研究出版社@d1990.06 | |
| 215 | @a286@d24cm | |
| 606 | 0 | @a博物馆学 |
| 606 | 0 | @a博物馆事业 |
| 690 | @aG268@v4 | |
| 701 | 0 | @a吴伟仁@AWu Wei Ren@4编著 |
| 801 | 0 | @aCN@b大连网信软件有限公司图书馆·11@c20241030 |
| 905 | @aZUCC@b1055940@dG268@e35:1@f1 | |
| 美国文学史及选读.第一册/吴伟仁编著.-北京:外语教学与研究出版社,1990.06 |
| 286;24cm |
| ISBN 978-7-5600-0570-6:¥9.80 |
| ● |
| 相关链接 |
|
|
|
|
正题名:美国文学史及选读
索取号:G268/35:1
 
预约/预借
| 序号 | 登录号 | 条形码 | 馆藏地/架位号 | 状态 | 备注 |
| 1 | 1055940 | 210559402 | 密集书库—外国语学院/ [索取号:G268/35:1] | 在馆 |